Ranking of Rappers by Height - Statistics

General Stats
  • This quiz has been taken 8 times
  • The average score is 5 of 20
Answer Stats
Hint Answer % Correct
193 cm (6'4″) Snoop Dogg
88%
183 cm (6'0″) Drake
75%
173 cm (5'6″) Eminem
63%
188 cm (6'2″) Lil Nas X
50%
173 cm (5'8″) Kanye West
38%
188 cm (6'2″) Future
25%
173 cm (5'8″) Lil Baby
25%
192 cm (6'3.5″) Machine Gun Kelly
25%
183 cm (6'0″) Post Malone
25%
194 cm (6'4.25″) 2 Chainz
13%
173 cm (5'8″) DaBaby
13%
178 cm (5'10″) Travis Scott
13%
195 cm (6'4.75″) Dave East
0%
192 cm (6'3.75″) G Eazy
0%
188 cm (6'2″) Jack Harlow
0%
195 cm (6'5″) Kia Shine
0%
173 cm (5'8″) NBA YoungBoy
0%
185 cm (6'1″) Tyler, The Creator
0%
193 cm (6'4″) Waka Flocka Flame
0%
198 cm (6'6″) Yung Gravy
0%
No matching quizzes found
Score Distribution
Percent of People with Each Score
Percentile by Number Answered
Your Score History
You have not taken this quiz